[Event "Tata Steel-B 79th"]
[Site "Wijk aan Zee"]
[Date "2017.01.21"]
[Round "7"]
[White "Xiong, Jeffery"]
[Black "Dobrov, Vladimir"]
[Result "1-0"]
[WhiteElo "2667"]
[BlackElo "2499"]
[Annotator "Yermolinsky,A"]
[PlyCount "75"]
[EventDate "2017.01.14"]
[EventType "tourn"]
[EventRounds "13"]
[EventCountry "NED"]
[EventCategory "14"]
[SourceTitle "CBM 177"]
[Source "ChessBase"]
[SourceDate "2017.03.16"]
[SourceVersion "1"]
[SourceVersionDate "2017.03.16"]
[SourceQuality "1"]
[TimeControl "40/6000+30:20/3000+30:900+30"]

1. e4 {[%emt 0:00:00]} c5 {[%emt 0:00:07]} 2. Nf3 {[%emt 0:00:00]} b6 {[%emt 0:
01:15] 75} 3. g3 {[%emt 0:09:07] 547} Bb7 {[%emt 0:02:04] 124} 4. Qe2 {[%emt 0:
02:12]} g6 {[%emt 0:05:11]} 5. Bg2 {[%emt 0:01:11]} Bg7 {[%emt 0:00:04]} 6. O-O
{[%emt 0:01:46]} Nf6 $146 {[%emt 0:18:13]} (6... d6 7. h3 e5 8. d3 Ne7 9. Nc3
Nbc6 10. Nd5 O-O 11. c3 Nxd5 12. exd5 Ne7 13. c4 Qd7 14. a4 h6 15. Qd1 a6 16.
Bd2 f5 17. b4 cxb4 18. Bxb4 a5 19. Bc3 Rae8 20. Nd2 Nc8 21. Qb3 h5 22. f4 Ba6
23. Rae1 Qc7 24. Kh1 Bh6 25. fxe5 dxe5 26. d6 Nxd6 27. c5+ Nf7 28. cxb6 Qb8 29.
Nc4 e4 30. dxe4 Rc8 31. Nxa5 Bxf1 32. Rxf1 Rxc3 33. Qxc3 Qxb6 34. exf5 gxf5 35.
Rxf5 h4 36. Nc6 {Kuba,G (2383)-Alvir,A (2385) Gmunden 2005 1-0}) 7. e5 {
[%emt 0:02:30]} Nd5 {[%emt 0:01:00]} 8. d4 {[%emt 0:05:05]} Nc7 {[%emt 0:03:03]
} 9. Rd1 {[%emt 0:10:00]} Qc8 {[%emt 0:04:31]} 10. c3 {[%emt 0:11:15]} Bc6 {
[%emt 0:04:15]} 11. h4 {[%emt 0:04:26]} Qa6 {[%emt 0:04:37]} 12. Qe3 {[%emt 0:
03:10]} cxd4 {[%emt 0:02:29]} 13. cxd4 {[%emt 0:00:20]} Nd5 {[%emt 0:02:09]}
14. Qe1 {[%emt 0:01:03]} Qb7 {[%emt 0:00:09]} 15. h5 {[%emt 0:06:14]} O-O {
[%emt 0:19:03]} 16. Nh4 {[%emt 0:01:17]} Na6 {[%emt 0:00:53]} 17. a3 {[%emt 0:
00:25]} e6 {[%emt 0:04:12]} 18. Nd2 {[%emt 0:03:21]} d6 {[%emt 0:03:01]} 19.
Nc4 {[%emt 0:03:41]} dxe5 {[%emt 0:00:12]} 20. dxe5 {[%emt 0:00:40]} Qe7 {
[%emt 0:06:36]} 21. b4 {[%emt 0:05:16]} g5 {[%emt 0:05:14]} 22. h6 {[%emt 0:05:
49]} Bxh6 {[%emt 0:05:19]} 23. Nd6 {[%emt 0:01:17]} Nac7 {[%emt 0:01:27]} 24.
a4 {[%emt 0:11:03]} ({White could play the immediate} 24. b5 $1 {that comes
with a venemous idea.} Nxb5 $2 (24... Bd7 {is the only move.}) 25. Bxd5 Bxd5
26. Rxd5 $1 exd5 27. Nhf5 Qe6 28. Nxh6+ Qxh6 29. Nxb5 $18) 24... Bg7 {[%emt 0:
02:34]} 25. Nf3 {[%emt 0:00:33]} f6 {[%emt 0:03:24]} 26. b5 {[%emt 0:00:35]}
Be8 {[%emt 0:00:02]} 27. Ba3 {[%emt 0:00:41]} Qd7 {[%emt 0:04:47]} 28. Ne4 {
[%emt 0:01:53]} f5 {[%emt 0:01:09]} 29. Nexg5 {[%emt 0:02:45]} Bh5 {[%emt 0:00:
03]} 30. Bxf8 {[%emt 0:00:15]} Rxf8 {[%emt 0:00:31]} 31. Rac1 {[%emt 0:01:20]}
Qe7 {[%emt 0:01:53]} 32. Rc6 {[%emt 0:01:25]} f4 {[%emt 0:00:44] [#]} 33. Rxd5
$1 {[%emt 0:04:20] Finishing with style.} exd5 {[%emt 0:02:07]} (33... Nxd5 34.
Nxe6 fxg3 35. Nxf8 Qxf8 36. Qe4) 34. Qb1 {[%emt 0:00:58]} Bg6 {[%emt 0:00:59]}
35. Rxg6 {[%emt 0:00:21]} hxg6 {[%emt 0:00:02]} 36. Qxg6 {[%emt 0:00:07]} Rd8 {
[%emt 0:01:03]} 37. Nh4 {[%emt 0:00:19]} Kf8 {[%emt 0:00:08]} 38. Nf5 {[%emt 0:
00:24]} 1-0